Sociología
Guardat en:
| Autors principals: | , |
|---|---|
| Format: | Llibre |
| Idioma: | espanyol |
| Publicat: |
Madrid, España
Alianza
2017
|
| Edició: | 7a. ed |
| Matèries: | |
| Etiquetes: |
Afegir etiqueta
Sense etiquetes, Sigues el primer a etiquetar aquest registre!
|
MARC
| LEADER | 00000cam a2200000 a 4500 | ||
|---|---|---|---|
| 001 | UCC8418 | ||
| 003 | CL-VaPUC | ||
| 005 | 20210922074501.0 | ||
| 008 | 190628e20170000sp |||||||||||||||||spa|d | ||
| 999 | |c 374750 |d 374748 | ||
| 020 | |a 9788420689791 | ||
| 040 | |c Pontificia Universidad Católica de Valparaíso | ||
| 082 | 0 | 4 | |a 301 GID 2017 |2 21 |
| 100 | 0 | |a Giddens, Anthony |e author |9 467769 | |
| 245 | 1 | 0 | |a Sociología |
| 250 | |a 7a. ed | ||
| 260 | |a Madrid, España |b Alianza |c 2017 | ||
| 300 | |a 1316 páginas | ||
| 583 | |a last modification |c 20190628 11:06:00 |k Rodrigo Vera | ||
| 650 | 0 | |a Cultura y sociedad |9 367502 | |
| 650 | 0 | |a Grupos sociales |9 268887 | |
| 650 | 0 | |a Psicología social |9 222894 | |
| 650 | 0 | |a Sociología |9 255410 | |
| 700 | 0 | |a Sutton, Philip W |e author |9 603103 | |
| 852 | |a BIBING | ||
| 942 | |c BK |2 ddc | ||
| 945 | |d 20190628 11:06:00 |a dcastane | ||
| 952 | |0 0 |1 0 |3 erb |4 0 |6 301_000000000000000_GID_2017 |7 0 |8 A |9 493461 |a BIBING |b BIBING |d 2019-06-26 |e 47 |g 62100.00 |i 5554322 |o 301 GID 2017 |p 5554322 |r 2025-01-20 |v 62100.00 |w 2019-11-24 |y BK |z Catalogado en:20190628 |k GEO | ||